[Event "Ceske Budejovice op-A"]
[Site "Ceske Budejovice"]
[Date "2023.07.09"]
[Round "9"]
[White "Fizerova, Lucie"]
[Black "Dobrowolski, Kamil"]
[Result "0-1"]
[WhiteElo "1868"]
[BlackElo "1590"]
[PlyCount "52"]
[EventDate "2023.07.01"]
[EventType "swiss"]
[EventRounds "9"]
[EventCountry "CZE"]
[SourceTitle "CBM 215 Extra"]
[Source "ChessBase"]
[SourceDate "2023.09.30"]
[SourceVersion "1"]
[SourceVersionDate "2023.09.30"]
[SourceQuality "1"]

1. e4 c5 2. Nf3 Nc6 3. Bb5 e6 4. 0-0 Nge7 5. Re1 a6 6. Bf1 d5 7. d3 d4 8. e5 Ng6 9. g3 Be7 10. Bg2 0-0 11. Nbd2 Qc7 12. Qe2 b5 13. h4 Rd8 14. h5 Nf8 15. Qe4 Bb7 16. Qf4 Nb4 17. h6 Ng6 18. Qg4 Nxc2 19. Re2 Nxa1 20. hxg7 c4 21. dxc4 bxc4 22. Nxd4 Bxg2 23. Kxg2 Nxe5 24. Qf4 Qb7+ 25. Qe4 Qxe4+ 26. Rxe4 Kxg7 0-1

[Event "Ceske Budejovice op-A"]
[Site "Ceske Budejovice"]
[Date "2023.07.08"]
[Round "8"]
[White "Dobrowolski, Kamil"]
[Black "Bartos, Vaclav1111"]
[Result "0-1"]
[WhiteElo "1590"]
[BlackElo "2019"]
[PlyCount "72"]
[EventDate "2023.07.01"]
[EventType "swiss"]
[EventRounds "9"]
[EventCountry "CZE"]
[SourceTitle "CBM 215 Extra"]
[Source "ChessBase"]
[SourceDate "2023.09.30"]
[SourceVersion "1"]
[SourceVersionDate "2023.09.30"]
[SourceQuality "1"]

1. e4 c5 2. c3 Nf6 3. e5 Nd5 4. d4 cxd4 5. cxd4 e6 6. Nc3 d6 7. Nf3 Nc6 8. Bd2 Be7 9. Bc4 Nxc3 10. Bxc3 0-0 11. 0-0 a6 12. Bb3 b5 13. Bc2 Bb7 14. Qd3 g6 15. a3 dxe5 16. Nxe5 Nxe5 17. dxe5 Qxd3 18. Bxd3 Rfd8 19. Bc2 Kf8 20. Rfd1 Ke8 21. Ba5 Rxd1+ 22. Rxd1 Bd5 23. Bd3 Rc8 24. Bd2 Bb3 25. Rc1 Rxc1+ 26. Bxc1 Bc5 27. Bd2 Kd7 28. Bb4 Kc6 29. Kf1 Bxb4 30. axb4 Kd5 31. f4 Bc4 32. Ke2 Kd4 33. Bxc4 Kxc4 34. g4 Kxb4 35. f5 a5 36. fxg6 fxg6 0-1

[Event "Ceske Budejovice op-A"]
[Site "Ceske Budejovice"]
[Date "2023.07.06"]
[Round "6"]
[White "Dobrowolski, Kamil"]
[Black "Nejdl, Eduard"]
[Result "1/2-1/2"]
[WhiteElo "1590"]
[BlackElo "1928"]
[PlyCount "46"]
[EventDate "2023.07.01"]
[EventType "swiss"]
[EventRounds "9"]
[EventCountry "CZE"]
[SourceTitle "CBM 215 Extra"]
[Source "ChessBase"]
[SourceDate "2023.09.30"]
[SourceVersion "1"]
[SourceVersionDate "2023.09.30"]
[SourceQuality "1"]

1. e4 e5 2. Nf3 Nf6 3. Nxe5 d6 4. Nf3 Nxe4 5. d3 Nf6 6. Be2 d5 7. 0-0 Bd6 8. Bg5 h6 9. Bh4 c6 10. c4 Bf5 11. cxd5 cxd5 12. d4 Nc6 13. Nc3 g5 14. Bg3 Ne4 15. Bxd6 Qxd6 16. Qb3 Nxc3 17. bxc3 0-0-0 18. c4 dxc4 19. Bxc4 f6 20. Rac1 Kb8 21. Ba6 Na5 22. Qb5 Be4 23. Qxa5 Qxa6 1/2-1/2

[Event "Ceske Budejovice op-A"]
[Site "Ceske Budejovice"]
[Date "2023.07.04"]
[Round "4"]
[White "Chval, Zdenek"]
[Black "Dobrowolski, Kamil"]
[Result "0-1"]
[WhiteElo "2107"]
[BlackElo "1590"]
[PlyCount "94"]
[EventDate "2023.07.01"]
[EventType "swiss"]
[EventRounds "9"]
[EventCountry "CZE"]
[SourceTitle "CBM 215 Extra"]
[Source "ChessBase"]
[SourceDate "2023.09.30"]
[SourceVersion "1"]
[SourceVersionDate "2023.09.30"]
[SourceQuality "1"]

1. e4 c5 2. Nf3 d6 3. d4 cxd4 4. Nxd4 Nf6 5. Nc3 g6 6. Be3 Nc6 7. f3 h5 8. Qd2 Nxd4 9. Bxd4 Bh6 10. Be3 Bxe3 11. Qxe3 Be6 12. Bb5+ Kf8 13. 0-0 Qa5 14. Ba4 Rc8 15. Bb3 Qc5 16. Qxc5 Rxc5 17. Bxe6 fxe6 18. Rac1 Kf7 19. Ne2 Rhc8 20. c3 b5 21. Kf2 Nd7 22. Ke3 Ne5 23. b3 a5 24. h3 b4 25. c4 a4 26. f4 Nd7 27. g4 axb3 28. axb3 hxg4 29. hxg4 Nf6 30. g5 Ng4+ 31. Kd4 Rh8 32. Rg1 Rh2 33. Kd3 Nf2+ 34. Ke3 Nxe4 35. Nd4 Rh3+ 36. Nf3 Nd2 37. Rh1 Rxf3+ 38. Kxd2 Rxf4 39. Rh7+ Ke8 40. Ra1 Rc7 41. Ra8+ Kd7 42. Rg7 Rf3 43. Rxg6 Rxb3 44. Rgg8 Rg3 45. g6 e5 46. Rab8 Rxc4 47. g7 Ke6 0-1

[Event "Wroclaw Anderssen Memorial op-B"]
[Site "Wroclaw"]
[Date "2023.??.??"]
[Round "2"]
[White "Dobrowolski, Kamil"]
[Black "Bem, Tymoteusz"]
[Result "0-1"]
[WhiteElo "1775"]
[BlackElo "1634"]
[PlyCount "116"]
[EventDate "2023.08.06"]
[EventType "swiss"]
[EventRounds "9"]
[EventCountry "POL"]
[SourceTitle "EXT 2024"]
[Source "ChessBase"]
[SourceDate "2023.10.10"]
[SourceVersion "1"]
[SourceVersionDate "2023.10.10"]
[SourceQuality "1"]

1. e4 c5 2. Nf3 Nc6 3. d4 cxd4 4. Nxd4 Nf6 5. Nc3 e5 6. Ndb5 d6 7. Nd5 Nxd5 8. exd5 Nb8 9. a4 Be7 10. Bd2 a6 11. Na3 a5 12. Be2 0-0 13. 0-0 Nd7 14. Nc4 b6 15. b4 f5 16. bxa5 bxa5 17. Qe1 Bb7 18. Bxa5 Qe8 19. Qd2 Qg6 20. Rfb1 Nc5 21. Bb4 Ne4 22. Qd1 Ba6 23. Nd2 Bxe2 24. Qxe2 Ng5 25. Kh1 Rae8 26. Rb3 e4 27. a5 f4 28. Qd1 Bd8 29. Nc4 f3 30. g3 Nf7 31. a6 Bf6 32. Nxd6 Nxd6 33. Bxd6 Bxa1 34. Bxf8 Qxa6 35. Ra3 Qb6 36. Qxa1 Kxf8 37. Re3 Qc5 38. Qa2 Qd4 39. Qa5 Qd1+ 40. Re1 Qxc2 41. Qa3+ Kg8 42. Qe3 Rb8 43. d6 Rb1 44. d7 Rxe1+ 45. Qxe1 Qd3 46. Qa1 Qxd7 47. Qa8+ Kf7 48. Qa2+ Kg6 49. Qa6+ Kh5 50. Qf1 h6 51. h3 Qd3 52. Qe1 Qe2 53. Qg1 e3 54. Qb1 g5 55. g4+ Kh4 56. Qg1 Qxf2 57. Qg3+ Kxg3 58. h4 Qg2# 0-1

[Event "Wroclaw Anderssen Memorial op-B"]
[Site "Wroclaw"]
[Date "2023.??.??"]
[Round "6"]
[White "Dobrowolski, Kamil"]
[Black "Nagly, Krzysztof"]
[Result "1-0"]
[WhiteElo "1775"]
[BlackElo "1381"]
[PlyCount "75"]
[EventDate "2023.08.06"]
[EventType "swiss"]
[EventRounds "9"]
[EventCountry "POL"]
[SourceTitle "EXT 2024"]
[Source "ChessBase"]
[SourceDate "2023.10.10"]
[SourceVersion "1"]
[SourceVersionDate "2023.10.10"]
[SourceQuality "1"]

1. e4 c5 2. Nc3 Nc6 3. Bb5 g6 4. Bxc6 bxc6 5. f4 d5 6. d3 Bg7 7. Nf3 Ba6 8. Ne5 Qc7 9. exd5 Bxe5 10. fxe5 cxd5 11. Nxd5 Qxe5+ 12. Ne3 Bb7 13. 0-0 Nf6 14. Nc4 Qd5 15. Qe2 0-0 16. Na5 Rfe8 17. Nxb7 Qxb7 18. Qf2 Qd5 19. b3 Ng4 20. Qf4 Qd4+ 21. Qxd4 cxd4 22. Rf4 Ne3 23. Bxe3 dxe3 24. Re4 f6 25. Rxe3 Kf7 26. c4 Red8 27. b4 Rd6 28. a4 a5 29. b5 Rc8 30. Rb1 Rb6 31. Rc1 Rc5 32. d4 Rc7 33. c5 Rb8 34. Rb3 Ke6 35. b6 Rc6 36. Rb5 Kd7 37. d5 Rcc8 38. Re1 1-0

[Event "Wroclaw Anderssen Memorial op-B"]
[Site "Wroclaw"]
[Date "2023.??.??"]
[Round "1"]
[White "Pelczarski, Wojciech"]
[Black "Dobrowolski, Kamil"]
[Result "0-1"]
[WhiteElo "1415"]
[BlackElo "1775"]
[PlyCount "82"]
[EventDate "2023.08.06"]
[EventType "swiss"]
[EventRounds "9"]
[EventCountry "POL"]
[SourceTitle "EXT 2024"]
[Source "ChessBase"]
[SourceDate "2023.10.10"]
[SourceVersion "1"]
[SourceVersionDate "2023.10.10"]
[SourceQuality "1"]

1. f4 b6 2. Nf3 Bb7 3. g3 Bxf3 4. exf3 Nf6 5. d4 e6 6. Be3 c5 7. c3 Nc6 8. Bb5 cxd4 9. Bxc6 dxc6 10. Bxd4 h5 11. h4 Nd5 12. Nd2 b5 13. Ne4 Ne7 14. Qe2 Nf5 15. Rd1 Nxd4 16. Rxd4 Qc7 17. b4 Be7 18. 0-0 0-0 19. Rfd1 Rfd8 20. Kg2 a5 21. Ng5 axb4 22. Nxe6 fxe6 23. Qxe6+ Kh8 24. Rd7 Rxd7 25. Rxd7 Rxa2+ 26. Kh3 Re2 27. Qf5 Qc8 28. Qxh5+ Kg8 29. Qg4 bxc3 30. h5 Rd2 31. Qe6+ Kh8 32. Rxe7 Qxe6+ 33. Rxe6 c5 34. Re8+ Kh7 35. g4 c2 36. g5 g6 37. Re7+ Kg8 38. hxg6 c1Q 39. Kg4 Qg1+ 40. Kf5 Rd5+ 41. Kf6 Qd4+ 0-1

[Event "Wroclaw Anderssen Memorial op-B"]
[Site "Wroclaw"]
[Date "2023.??.??"]
[Round "7"]
[White "Przybyla, Andrzej"]
[Black "Dobrowolski, Kamil"]
[Result "1-0"]
[WhiteElo "1450"]
[BlackElo "1775"]
[PlyCount "99"]
[EventDate "2023.08.06"]
[EventType "swiss"]
[EventRounds "9"]
[EventCountry "POL"]
[SourceTitle "EXT 2024"]
[Source "ChessBase"]
[SourceDate "2023.10.10"]
[SourceVersion "1"]
[SourceVersionDate "2023.10.10"]
[SourceQuality "1"]

1. e4 c5 2. Nf3 Nc6 3. Bb5 Nf6 4. e5 Nd5 5. Nc3 Nc7 6. Bxc6 dxc6 7. h3 Bf5 8. 0-0 g6 9. d3 Bg7 10. Be3 b6 11. Qd2 0-0 12. Bh6 Nd5 13. Bxg7 Kxg7 14. Ne2 Qd7 15. Ng3 Rfd8 16. Qg5 Be6 17. Qh4 Nb4 18. Ne4 h5 19. Qg5 Nxc2 20. Rad1 Nd4 21. Nh4 Bxa2 22. f4 Be6 23. Ng3 Nf5 24. Nxh5+ Kh7 25. Rf3 Rh8 26. Nxf5 Bxf5 27. Ng3 e6 28. Ne2 c4 29. d4 Qd8 30. Qg3 Kg7 31. Qe1 Qe7 32. Qc3 Be4 33. Rg3 Bd5 34. Qc2 b5 35. f5 exf5 36. Qxf5 Qe6 37. Qg5 Kf8 38. Rf1 Ke8 39. Rf6 Qe7 40. Nf4 a5 41. e6 Bxe6 42. Nxe6 fxe6 43. Qxg6+ Kd8 44. Rxe6 Qf8 45. Rd6+ Kc7 46. Rxc6+ Kd7 47. Qe6+ Kd8 48. Rd6+ Kc7 49. Qd7+ Kb8 50. Rb6# 1-0

[Event "Pardubice rapid op 33rd"]
[Site "Pardubice"]
[Date "2022.07.21"]
[Round "8"]
[White "Dobrowolski, Kamil"]
[Black "Kokes, Bohuslav"]
[Result "1/2-1/2"]
[WhiteElo "1458"]
[BlackElo "1909"]
[PlyCount "175"]
[EventDate "2022.07.20"]
[EventType "swiss (rapid)"]
[EventRounds "9"]
[EventCountry "CZE"]
[SourceTitle "CBM 209 Extra"]
[Source "ChessBase"]
[SourceDate "2022.09.30"]
[SourceVersion "1"]
[SourceVersionDate "2022.09.30"]
[SourceQuality "1"]

1. e4 c5 2. c3 Nf6 3. e5 Nd5 4. d4 cxd4 5. cxd4 e6 6. Nf3 b6 7. Nc3 Nxc3 8. bxc3 Qc7 9. Bb2 Be7 10. c4 0-0 11. Bd3 d6 12. Be4 Bb7 13. Bxb7 Qxb7 14. 0-0 Nd7 15. Ba3 Qc7 16. d5 Nc5 17. Bxc5 Qxc5 18. Rc1 Rad8 19. Re1 dxe5 20. Rxe5 Bf6 21. Re1 exd5 22. cxd5 Qxd5 23. Qa4 Qb7 24. h3 h6 25. Ne5 Bxe5 26. Rxe5 Rd7 27. Rce1 a6 28. Qe4 Qxe4 29. R5xe4 Rfd8 30. Re8+ Rxe8 31. Rxe8+ Kh7 32. Ra8 a5 33. Ra6 Rd6 34. Kf1 Kg6 35. Ke2 Kf5 36. Ke3 Ke5 37. Ra7 Rf6 38. f3 Kd5 39. Kd3 Kc5 40. Kc3 Rg6 41. Rxf7 Rxg2 42. Rf5+ Kc6 43. a4 Rg6 44. Rf7 Kd5 45. Rf5+ Ke6 46. Rb5 Ke7 47. Kc4 Rf6 48. Rb3 Kd7 49. Kb5 Kc7 50. Rc3+ Kb7 51. Re3 Rf5+ 52. Kc4 Rf4+ 53. Kb3 Kc6 54. Rc3+ Kd5 55. Rd3+ Rd4 56. Re3 Rh4 57. Rd3+ Kc5 58. Rc3+ Kd5 59. Rd3+ Kc6 60. Rc3+ Kb7 61. Re3 Rxh3 62. Re7+ Ka6 63. Rxg7 Rxf3+ 64. Kb2 Rf4 65. Kb3 h5 66. Rh7 h4 67. Ka3 Rf3+ 68. Kb2 h3 69. Ka2 Rg3 70. Kb2 Rg2+ 71. Kb3 h2 72. Ka3 Rf2 73. Kb3 Re2 74. Ka3 Re3+ 75. Kb2 Re4 76. Kb3 Rb4+ 77. Ka3 Rb1 78. Rxh2 Kb7 79. Rc2 Ra1+ 80. Kb3 Rd1 81. Rc3 Rd4 82. Rc4 Rd5 83. Rc3 Rc5 84. Rh3 Kc6 85. Rh6+ Kc7 86. Rh7+ Kc6 87. Rh6+ Kb7 88. Rh7+ 1/2-1/2

[Event "POL-ch U10"]
[Site "Jastrzebia Gora"]
[Date "2021.??.??"]
[Round "4"]
[White "Dobrowolski, Kamil"]
[Black "Szczepanik, Marcin"]
[Result "1-0"]
[WhiteElo "1210"]
[BlackElo "1076"]
[PlyCount "61"]
[EventDate "2021.02.28"]
[EventType "swiss"]
[EventRounds "9"]
[EventCountry "POL"]
[SourceTitle "EXT 2022"]
[Source "ChessBase"]
[SourceDate "2021.10.06"]
[SourceVersion "1"]
[SourceVersionDate "2021.10.06"]
[SourceQuality "1"]

1. e4 c5 2. c3 Nf6 3. e5 Nd5 4. d4 cxd4 5. cxd4 Nc6 6. Nf3 d6 7. Bd3 dxe5 8. Nxe5 Nxe5 9. dxe5 e6 10. 0-0 Be7 11. Qa4+ Bd7 12. Qg4 0-0 13. Bh6 Bf6 14. exf6 Qxf6 15. Bc1 Rac8 16. Nd2 Rc7 17. Ne4 Qd4 18. Qg3 Kh8 19. Rb1 Rc6 20. b3 a6 21. Bb2 Nc3 22. Rbc1 Ne2+ 23. Bxe2 Qxb2 24. Rxc6 Bxc6 25. Qd6 Re8 26. Bf3 Bb5 27. Rd1 f5 28. Ng5 Be2 29. Bxe2 Qxe2 30. Qd7 Ra8 31. Qd8+ 1-0

[Event "POL-ch U10"]
[Site "Jastrzebia Gora"]
[Date "2021.??.??"]
[Round "5"]
[White "Radzimski, Antoni"]
[Black "Dobrowolski, Kamil"]
[Result "0-1"]
[WhiteElo "1403"]
[BlackElo "1210"]
[PlyCount "140"]
[EventDate "2021.02.28"]
[EventType "swiss"]
[EventRounds "9"]
[EventCountry "POL"]
[SourceTitle "EXT 2022"]
[Source "ChessBase"]
[SourceDate "2021.10.06"]
[SourceVersion "1"]
[SourceVersionDate "2021.10.06"]
[SourceQuality "1"]

1. e4 c5 2. Nf3 e6 3. d4 cxd4 4. Nxd4 Nf6 5. Nc3 Nc6 6. Be3 Bb4 7. f3 0-0 8. a3 Bxc3+ 9. bxc3 d5 10. Nxc6 bxc6 11. e5 Nd7 12. f4 c5 13. Be2 Bb7 14. 0-0 Rc8 15. Bf3 Nb6 16. Be2 Qd7 17. Rb1 Rfd8 18. Bd3 d4 19. cxd4 cxd4 20. Bd2 Nd5 21. f5 Nc3 22. Bxc3 dxc3 23. f6 Qc6 24. Qg4 g6 25. Rf2 Rb8 26. Rbf1 Qc5 27. Qg5 Rd5 28. Re1 Bc6 29. h3 Rb2 30. Qf4 Bb5 31. Bxb5 Rxb5 32. Qh6 Qf8 33. Qxf8+ Kxf8 34. Rf3 Ke8 35. Rxc3 Kd7 36. Rb3 Rxb3 37. cxb3 Rd3 38. Re4 Rxb3 39. Rh4 h5 40. g4 Rxa3 41. gxh5 gxh5 42. Rxh5 Rg3+ 43. Kf2 Rg8 44. Ke3 a5 45. Rh7 Rf8 46. Rh4 Kc6 47. Ra4 Kb5 48. Ra1 Rh8 49. Rb1+ Kc6 50. Kd4 Rh4+ 51. Kc3 Rxh3+ 52. Kc4 Rh4+ 53. Kd3 Rb4 54. Rc1+ Kb7 55. Rh1 Kc6 56. Rh7 Rb7 57. Kc4 a4 58. Rh2 a3 59. Rd2 Ra7 60. Ra2 Ra4+ 61. Kb3 Kb5 62. Ra1 Rb4+ 63. Kc3 Ka4 64. Ra2 Rb3+ 65. Kc4 Rb2 66. Ra1 a2 67. Kc3 Ka3 68. Rd1 Rb1 69. Rd3 Rb3+ 70. Kc2 Rxd3 0-1